Educación intercultural desde la perspectiva de género.

Sparad:
Bibliografiska uppgifter
Materialtyp: Text
Ämnen:
Taggar: Lägg till en tagg
Inga taggar, Lägg till första taggen!

MARC

LEADER 00000 a a2200000 04500
001 41216
003
040
245 |a Educación intercultural desde la perspectiva de género.  
650 |a EDUCACION INTERCULTURAL/  
650 |a PLURALISMO CULTURAL/  
650 |a GENERO  
773 |g volumen12, número7 (enero-mayo , 2006), páginas 57-70  
999 |c 26152  |d 26152